000 00542nam a22001697a 4500
003 OSt
005 20240926233136.0
008 240926b |||||||| |||| 00| 0 eng d
040 _c0
082 _aDPer 050 R22 2000 January-May 2023 v123 no. 719-723
100 _aGoodman, Emily.
_eauthor.
_961705
245 _aGet clued-in on crosswords /
_cEmily Goodman.
260 _aTaipei ;
_bReader's Digest Asia,
_cApril 2023.
300 _aVolume 123, pages40-41 ,
_billustration.
700 _aGoodman, Emily.
_eauthor.
_961705
942 _2ddc
_cPER
999 _c21929
_d21929